000 00508nam a2200181Ia 4500
005 20250508153028.0
008 008 250505s9999 xx 000 0 eng d
037 _aTextual
040 _aFEDL
_beng
_cFEDL
041 _aeng
_2eng
084 _a914.81, MEA
_qFEDL
100 _aMead W R
_994022
245 0 _aHow people live in norway
260 _aLondon, UK
_bThe Educational Supply Association Ltd.
_c1959
300 _a100p.
942 _cTEXL
_h914.81, MEA
999 _c1340241
_d1340241